000 00480cam a22001934a 4500
005 20250605164308.0
008 250528s ||||||||||||||||||||||||d
035 _a22353
020 _a9789603754855
040 _aGR-AtMCL
_bgre
_dGR-AtMCL
_eAACR2
245 1 _aΓΡΑΜΜΑΤΙΚΗ ΤΗΣ ΦΑΝΤΑΣΙΑΣ
250 _a1
260 _bΜεταίχμιο,
_c2001
300 _a232
700 1 _aRodari Gianni
_98208
942 _cBK
999 _c7406
_d7406